000 00835nam a2200253 i 4500
001 105484
003 ES-MaACL
007 t|
008 060719s1974 fr ||||1| fre d
080 _a330.852(04)
080 _a32(47)"1922/..."(04)
100 1 _aTrotsky, Leon,
_d1879-1940
_9240350
245 1 3 _aLa nature de l'URSS /
_cLéon Trotsky ; textes réunis et présentés par Jean-Luc Dallemagne.
260 _aParis :
_bFrançois Maspero,
_c1974.
300 _a262 p. ;
_c22 cm.
490 1 _aCritiques de l'économie politique
500 _aBiblioteca Juan Andrade.
650 1 4 _aMarxismo.
_914803
651 4 _aURSS-
_xPolítica y gobierno.
_99481
700 1 _aDallemagne, Jean-Luc.
_942492
830 0 _aCritiques de l'économie politique
_9232734
852 _aES-MaACL
_jAND-294
999 _c105484
_d105484